Inhabited Dependent Territories Quiz - Statistics

General Stats
  • This quiz has been taken 71 times
  • The average score is 25 of 40
Answer Stats
Country Territory % Correct
United Kingdom British Virgin Islands
88%
United States United States Virgin Islands
88%
United States Puerto Rico
86%
United Kingdom Falkland Islands
84%
Denmark Greenland
84%
Netherlands Aruba
79%
United States Guam
79%
Denmark Faroe Islands
77%
France New Caledonia
73%
United Kingdom Bermuda
71%
Netherlands Curaçao
70%
China Hong Kong
70%
United Kingdom Isle of Man
70%
New Zealand Cook Islands
68%
United Kingdom Gibraltar
68%
China Macau
68%
United States American Samoa
66%
New Zealand Niue
66%
Netherlands Sint Maarten
66%
Norway Svalbard
64%
United Kingdom Cayman Islands
63%
Australia Christmas Island
63%
France Saint Martin
63%
France French Polynesia
61%
United Kingdom Anguilla
59%
United Kingdom Jersey
59%
United Kingdom Montserrat
59%
United Kingdom Guernsey
55%
United States Northern Mariana Islands
55%
United Kingdom Saint Helena, Ascension and Tristan da Cunha
55%
Australia Norfolk Island
52%
United Kingdom Pitcairn Islands
52%
France Saint Pierre and Miquelon
52%
France Wallis and Futuna
48%
Finland Åland Islands
46%
New Zealand Tokelau
46%
United Kingdom Turks and Caicos Islands
45%
Australia Cocos (Keeling) Islands
43%
United Kingdom Akrotiri and Dhekelia
38%
France Saint Barthélemy
38%
No matching quizzes found
Score Distribution
Percent of People with Each Score
Percentile by Number Answered
Your Score History
You have not taken this quiz